zpět

Detail výsledku týmu

The Pub Praha 2 PO, Praha

Datum a čas kvízu

29 Celkem bodů Celkový počet nahraných bodů na tomto kvízu bez doplňovacích otázek.
6. Pořadí na kvízu Konečné umístění týmu na tomto kvízu.

Zaznamenané odpovědi

# Otázka Odpověď Body Výsledky
1. V úterý vydalo jedno politické... SPD; Plzeňský Prazdroj (Pilsner Urquell) 1
2. Ve Spojených státech se narodi... v roce 1994 (uznáváme 1992–1996) 0
3. V pátek měl na platformě Onepl... Janákovi 1
4. Minulý týden ohlásila jedna če... Benu 0
5. Minulý týden se v Singapuru ko... o plavání (plaveckých sportech) 1
6. V tématu se zaměříme na nejrůz... tamagoči / tamagotchi 1
7. Stánků s langoši bylo v devade... Starej fotr 1
8. V našem tématu nemůžeme vynech... 2000 (1999 až 2001 za bod) 1
9. Nejdříve trendy doplněk, pozdě... Kendall Jenner 1
10. Gramofonovým deskám leckdo pře... long play 1